Team of the Tournament - Fußball-Europameisterschaft 2012 - Statistiken

Allgemein
  • Dieses Quiz wurde 72 mal gespielt
  • Das Durchschnittsergebnis liegt bei 16 aus 23
Antwortstatistiken
Position Nationalität Spieler % Korrekt
Torwart Italien Gianluigi Buffon
100%
Torwart Deutschland Manuel Neuer
100%
Torwart Spanien Iker Casillas
95%
Mittelfeldspieler Spanien Andrés Iniesta
91%
Mittelfeldspieler Spanien Xavi
90%
Stürmer Portugal Cristiano Ronaldo
88%
Abwehrspieler Portugal Pepe
88%
Abwehrspieler Deutschland Philipp Lahm
88%
Stürmer Schweden Zlatan Ibrahimović
83%
Abwehrspieler Spanien Sergio Ramos
79%
Abwehrspieler Spanien Gerard Piqué
78%
Mittelfeldspieler Italien Andrea Pirlo
67%
Mittelfeldspieler Deutschland Sami Khedira
66%
Mittelfeldspieler Spanien Sergio Busquets
62%
Stürmer Italien Mario Balotelli
60%
Abwehrspieler Spanien Jordi Alba
53%
Mittelfeldspieler Deutschland Mesut Özil
53%
Mittelfeldspieler England Steven Gerrard
52%
Stürmer Spanien Cesc Fàbregas
40%
Mittelfeldspieler Spanien Xabi Alonso
40%
Stürmer Spanien David Silva
34%
Abwehrspieler Portugal Fábio Coentrão
24%
Mittelfeldspieler Italien Daniele De Rossi
19%
Keine übereinstimmenden Quizze gefunden
Verteilung der Resultate
Anzahl Personen mit jedem Resultat
Perzentil nach korrekt beantworteten Fragen
Ihre Resultats-Entwicklung
Sie haben dieses Quiz noch nicht gespielt